000 00386nam a22001577a 4500
003 MPLRDC
005 20220104125059.0
008 210129b ||||| |||| 00| 0 eng d
082 _a857.9 GL-47 v.1
100 _a古龙
245 _a十万神魔十万血. 上
_c
260 _a
_b桂冠图书有限公司
_c
300 _b
650 _a武侠小说
942 _cBK
_o857.9 GL-47 v.1
999 _c24500
_d24490